000 00703nam a2200229 i 4500
001 92023
003 ES-MaACL
005 20230906180859.0
007 t|
008 050317s1980 ck |||| | spa d
080 _a821.134.2(861)-34(082.2)
100 1 _aLeón Rey, José Antonio.
_971639
245 1 3 _aEl pueblo relata /
_cJosé Antonio León Rey.
260 _aBogotá :
_bInstituto Caro y Cuervo,
_c1980.
300 _a226 p. ;
_c20 cm.
490 1 _aLa granada entreabierta ;
_v27
650 1 4 _aCuentos populares-
_zColombia.
_911498
710 2 _aInstituto Caro y Cuervo.
_94806
830 0 _aLa granada entreabierta ;
_v27
_9192760
852 _aES-MaACL
_jE-10851
999 _c92023
_d92023